[Event "DEM U12 2023"]
[Site "Willingen GER"]
[Date "2023.05.31"]
[Round "6"]
[White "Dodul, Arthur"]
[Black "Vranckx, Oscar"]
[Result "0-1"]
[Termination "normal"]
[Board "12"]
[WhiteElo "1613"]
[BlackElo "1733"]
[WhiteClock "00:32:14"]
[BlackClock "01:53:37"]
[PlyCount "112"]
[WhiteFideId "34609016"]
[BlackFideId "34608788"]
[EventCountry "GER"]
[EventRounds "9"]
[EventType "swiss"]
[EventDate "2023.05.27"]

1. d4 {[%clk 01:30:56]} {[%emt 00:00:03]} d5 {[%clk 01:30:49]} {[%emt
00:00:11]} 2. Bf4 {[%clk 01:31:13]} {[%emt 00:00:12]} c5 {[%clk 01:31:12]}
{[%emt 00:00:09]} 3. c3 {[%clk 01:30:22]} {[%emt 00:01:20]} Nc6 {[%clk
01:31:35]} {[%emt 00:00:07]} 4. e3 {[%clk 01:30:12]} {[%emt 00:00:40]} Nf6
{[%clk 01:31:42]} {[%emt 00:00:24]} 5. Nf3 {[%clk 01:29:45]} {[%emt 00:00:55]}
Bg4 {[%clk 01:29:22]} {[%emt 00:02:51]} 6. h3 {[%clk 01:27:44]} {[%emt
00:02:31]} Bh5 {[%clk 01:29:33]} {[%emt 00:00:20]} 7. Bd3 {[%clk 01:25:00]}
{[%emt 00:03:13]} e6 {[%clk 01:29:04]} {[%emt 00:01:00]} 8. Be2 {[%clk
01:19:19]} {[%emt 00:08:14]} Bd6 {[%clk 01:28:37]} {[%emt 00:00:56]} 9. Bh2
{[%clk 01:16:43]} {[%emt 00:03:04]} Bxf3 {[%clk 01:28:32]} {[%emt 00:00:38]}
10. Bxf3 {[%clk 01:16:49]} {[%emt 00:00:24]} Bxh2 {[%clk 01:28:55]} {[%emt
00:00:07]} 11. Rxh2 {[%clk 01:17:15]} {[%emt 00:00:03]} O-O {[%clk 01:29:12]}
{[%emt 00:00:13]} 12. Kf1 {[%clk 01:09:38]} {[%emt 00:08:07]} e5 {[%clk
01:28:14]} {[%emt 00:01:29]} 13. dxc5 {[%clk 01:06:24]} {[%emt 00:03:44]} e4
{[%clk 01:27:05]} {[%emt 00:01:39]} 14. Be2 {[%clk 01:05:07]} {[%emt 00:01:46]}
a5 {[%clk 01:27:16]} {[%emt 00:00:21]} 15. Nd2 {[%clk 01:03:13]} {[%emt
00:02:20]} Qe7 {[%clk 01:26:21]} {[%emt 00:01:28]} 16. g3 {[%clk 00:58:30]}
{[%emt 00:05:11]} Qxc5 {[%clk 01:26:28]} {[%emt 00:00:24]} 17. Kg2 {[%clk
00:55:07]} {[%emt 00:03:53]} a4 {[%clk 01:25:40]} {[%emt 00:01:19]} 18. a3
{[%clk 00:53:37]} {[%emt 00:01:58]} Ne5 {[%clk 01:23:26]} {[%emt 00:02:45]} 19.
Rh1 {[%clk 00:51:49]} {[%emt 00:02:16]} Nfd7 {[%clk 01:23:13]} {[%emt
00:00:46]} 20. Re1 {[%clk 00:45:20]} {[%emt 00:06:58]} b5 {[%clk 01:22:07]}
{[%emt 00:01:37]} 21. Nf1 {[%clk 00:39:35]} {[%emt 00:06:14]} Nc6 {[%clk
01:21:27]} {[%emt 00:01:10]} 22. Rc1 {[%clk 00:38:10]} {[%emt 00:01:55]} Nde5
{[%clk 01:20:44]} {[%emt 00:01:14]} 23. Qc2 {[%clk 00:35:08]} {[%emt 00:03:28]}
Nc4 {[%clk 01:19:21]} {[%emt 00:01:57]} 24. Bxc4 {[%clk 00:35:00]} {[%emt
00:00:38]} bxc4 {[%clk 01:19:45]} {[%emt 00:00:06]} 25. Red1 {[%clk 00:34:38]}
{[%emt 00:00:50]} Ne5 {[%clk 01:20:03]} {[%emt 00:00:14]} 26. Rd4 {[%clk
00:31:03]} {[%emt 00:03:57]} Nd3 {[%clk 01:20:17]} {[%emt 00:00:24]} 27. Rb1
{[%clk 00:30:52]} {[%emt 00:00:39]} Rfb8 {[%clk 01:20:35]} {[%emt 00:00:14]}
28. Kg1 {[%clk 00:29:18]} {[%emt 00:02:01]} g6 {[%clk 01:20:18]} {[%emt
00:00:49]} 29. g4 {[%clk 00:27:13]} {[%emt 00:02:33]} Rb6 {[%clk 01:19:30]}
{[%emt 00:01:22]} 30. g5 {[%clk 00:25:58]} {[%emt 00:01:43]} h6 {[%clk
01:18:43]} {[%emt 00:01:17]} 31. h4 {[%clk 00:23:44]} {[%emt 00:02:44]} hxg5
{[%clk 01:19:06]} {[%emt 00:00:07]} 32. hxg5 {[%clk 00:24:08]} {[%emt
00:00:06]} Qd6 {[%clk 01:19:27]} {[%emt 00:00:09]} 33. Ng3 {[%clk 00:23:50]}
{[%emt 00:00:43]} Qe5 {[%clk 01:19:39]} {[%emt 00:00:24]} 34. Qe2 {[%clk
00:14:28]} {[%emt 00:09:52]} Qxg5 {[%clk 01:19:52]} {[%emt 00:00:17]} 35. Rxd3
{[%clk 00:11:30]} {[%emt 00:03:28]} exd3 {[%clk 01:19:23]} {[%emt 00:00:59]}
36. Qd2 {[%clk 00:09:17]} {[%emt 00:02:42]} Kg7 {[%clk 01:19:24]} {[%emt
00:00:29]} 37. Qd1 {[%clk 00:06:45]} {[%emt 00:03:00]} Rb3 {[%clk 01:19:34]}
{[%emt 00:00:23]} 38. Qf3 {[%clk 00:03:44]} {[%emt 00:03:30]} Rab8 {[%clk
01:19:35]} {[%emt 00:00:30]} 39. e4 {[%clk 00:03:18]} {[%emt 00:00:55]} Rxb2
{[%clk 01:19:52]} {[%emt 00:00:13]} 40. Rd1 {[%clk 00:01:10]} {[%emt 00:02:38]}
Rd2 {[%clk 01:19:37]} {[%emt 00:00:45]} 41. Rxd2 {[%clk 00:00:44]} {[%emt
00:00:57]} Qxd2 {[%clk 01:19:55]} {[%emt 00:00:10]} 42. Qg4 {[%clk 00:00:40]}
{[%emt 00:00:27]} Rb2 {[%clk 01:19:15]} {[%emt 00:01:17]} 43. Nf5+ {[%clk
00:28:39]} {[%emt 00:02:31]} Kf8 {[%clk 01:49:38]} {[%emt 00:00:08]} 44. Qh4
{[%clk 00:28:20]} {[%emt 00:00:50]} Qe1+ {[%clk 01:49:40]} {[%emt 00:00:28]}
45. Kg2 {[%clk 00:28:40]} {[%emt 00:00:09]} Qxe4+ {[%clk 01:50:05]} {[%emt
00:00:05]} 46. Qxe4 {[%clk 00:28:56]} {[%emt 00:00:14]} dxe4 {[%clk 01:50:31]}
{[%emt 00:00:05]} 47. Ne3 {[%clk 00:29:16]} {[%emt 00:00:08]} Rb3 {[%clk
01:50:36]} {[%emt 00:00:26]} 48. Nxc4 {[%clk 00:29:36]} {[%emt 00:00:10]} Rxc3
{[%clk 01:50:59]} {[%emt 00:00:07]} 49. Ne3 {[%clk 00:30:01]} {[%emt 00:00:06]}
Rxa3 {[%clk 01:51:19]} {[%emt 00:00:09]} 50. f3 {[%clk 00:30:22]} {[%emt
00:00:09]} d2 {[%clk 01:51:39]} {[%emt 00:00:10]} 51. Nd1 {[%clk 00:30:39]}
{[%emt 00:00:13]} Rxf3 {[%clk 01:51:48]} {[%emt 00:00:22]} 52. Kg1 {[%clk
00:30:54]} {[%emt 00:00:14]} Kg7 {[%clk 01:52:10]} {[%emt 00:00:08]} 53. Nb2
{[%clk 00:31:17]} {[%emt 00:00:07]} a3 {[%clk 01:52:30]} {[%emt 00:00:11]} 54.
Nd1 {[%clk 00:31:42]} {[%emt 00:00:05]} a2 {[%clk 01:52:53]} {[%emt 00:00:08]}
55. Kg2 {[%clk 00:32:06]} {[%emt 00:00:05]} a1=Q {[%clk 01:53:16]} {[%emt
00:00:07]} 56. Kh2 {[%clk 00:32:14]} {[%emt 00:00:21]} Qxd1 {[%clk 01:53:37]}
{[%emt 00:00:10]} 0-1

[Event "DEM U12 2023"]
[Site "Willingen GER"]
[Date "2023.05.31"]
[Round "6"]
[White "Fischermann, Simon"]
[Black "Shevchenko, Igor"]
[Result "1/2-1/2"]
[Termination "normal"]
[Board "13"]
[WhiteElo "1659"]
[BlackElo "1432"]
[WhiteClock "00:00:45"]
[BlackClock "00:16:29"]
[PlyCount "87"]
[WhiteFideId "34620869"]
[BlackFideId "34634924"]
[EventCountry "GER"]
[EventRounds "9"]
[EventType "swiss"]
[EventDate "2023.05.27"]

1. e4 {[%clk 01:30:59]} c6 {[%clk 01:30:57]} {[%emt 00:00:04]} 2. Nf3 {[%clk
01:31:22]} {[%emt 00:00:07]} d5 {[%clk 01:31:19]} {[%emt 00:00:07]} 3. Nc3
{[%clk 01:31:43]} {[%emt 00:00:09]} dxe4 {[%clk 01:31:37]} {[%emt 00:00:13]} 4.
Nxe4 {[%clk 01:32:06]} {[%emt 00:00:07]} Nf6 {[%clk 01:31:54]} {[%emt
00:00:13]} 5. Qe2 {[%clk 01:31:44]} {[%emt 00:00:51]} Nxe4 {[%clk 01:30:51]}
{[%emt 00:01:34]} 6. Qxe4 {[%clk 01:32:01]} {[%emt 00:00:13]} Nd7 {[%clk
01:30:29]} {[%emt 00:00:52]} 7. Bc4 {[%clk 01:32:20]} {[%emt 00:00:10]} Nf6
{[%clk 01:30:23]} {[%emt 00:00:37]} 8. Ne5 {[%clk 01:32:39]} {[%emt 00:00:10]}
e6 {[%clk 01:30:35]} {[%emt 00:00:19]} 9. Qe2 {[%clk 01:32:57]} {[%emt
00:00:11]} Bd6 {[%clk 01:30:38]} {[%emt 00:00:27]} 10. f4 {[%clk 01:32:51]}
{[%emt 00:00:37]} O-O {[%clk 01:30:52]} {[%emt 00:00:17]} 11. O-O {[%clk
01:33:14]} {[%emt 00:00:06]} b5 {[%clk 01:30:34]} {[%emt 00:00:48]} 12. Bb3
{[%clk 01:33:33]} {[%emt 00:00:11]} Qb6+ {[%clk 01:30:47]} {[%emt 00:00:16]}
13. Kh1 {[%clk 01:33:54]} {[%emt 00:00:09]} Bb7 {[%clk 01:29:35]} {[%emt
00:01:43]} 14. d3 {[%clk 01:33:10]} {[%emt 00:01:13]} c5 {[%clk 01:25:14]}
{[%emt 00:04:52]} 15. Be3 {[%clk 01:16:11]} {[%emt 00:17:29]} Qc7 {[%clk
01:20:42]} {[%emt 00:05:01]} 16. Bf2 {[%clk 00:58:20]} {[%emt 00:18:21]} Nd5
{[%clk 01:06:34]} {[%emt 00:14:38]} 17. Bg3 {[%clk 00:46:46]} {[%emt 00:12:04]}
Rae8 {[%clk 01:01:47]} {[%emt 00:05:17]} 18. c4 {[%clk 00:44:28]} {[%emt
00:02:48]} bxc4 {[%clk 01:00:40]} {[%emt 00:01:38]} 19. dxc4 {[%clk 00:44:44]}
{[%emt 00:00:14]} Nb6 {[%emt 00:00:50]} 20. Bc2 {[%clk 00:35:07]} {[%emt
00:10:05]} g6 {[%clk 00:49:31]} {[%emt 00:11:21]} 21. b3 {[%clk 00:31:32]}
{[%emt 00:04:05]} Kg7 {[%clk 00:44:34]} {[%emt 00:05:26]} 22. Rfe1 {[%clk
00:24:46]} {[%emt 00:07:15]} f6 {[%clk 00:40:44]} {[%emt 00:04:22]} 23. Nd3
{[%clk 00:24:36]} {[%emt 00:00:40]} Nd7 {[%clk 00:39:43]} {[%emt 00:01:31]} 24.
Qd2 {[%clk 00:23:22]} {[%emt 00:01:44]} e5 {[%clk 00:34:14]} {[%emt 00:05:59]}
25. fxe5 {[%clk 00:20:36]} {[%emt 00:03:15]} Nxe5 {[%clk 00:31:41]} {[%emt
00:03:03]} 26. Nxe5 {[%clk 00:19:50]} {[%emt 00:01:17]} Bxe5 {[%clk 00:30:57]}
{[%emt 00:01:14]} 27. Bxe5 {[%clk 00:18:35]} {[%emt 00:01:45]} fxe5 {[%clk
00:30:46]} {[%emt 00:00:41]} 28. Be4 {[%clk 00:18:29]} {[%emt 00:00:32]} Rd8
{[%clk 00:28:40]} {[%emt 00:02:39]} 29. Qc2 {[%clk 00:17:54]} {[%emt 00:01:05]}
Bxe4 {[%emt 00:04:30]} 30. Rxe4 {[%clk 00:13:18]} {[%emt 00:05:04]} Rd4 {[%clk
00:23:58]} {[%emt 00:01:13]} 31. Re2 {[%clk 00:13:01]} {[%emt 00:00:44]} Qd6
{[%clk 00:22:46]} {[%emt 00:01:47]} 32. Rae1 {[%clk 00:12:47]} {[%emt
00:00:43]} Rd8 {[%clk 00:22:40]} {[%emt 00:00:37]} 33. h3 {[%clk 00:12:44]}
{[%emt 00:00:34]} Re8 {[%clk 00:22:40]} {[%emt 00:00:30]} 34. a3 {[%clk
00:05:51]} {[%emt 00:07:23]} Re7 {[%clk 00:20:30]} {[%emt 00:02:39]} 35. Re3
{[%clk 00:03:39]} {[%emt 00:02:41]} Rd2 {[%clk 00:14:52]} {[%emt 00:06:08]} 36.
Qc3 {[%clk 00:03:43]} {[%emt 00:00:27]} Rd1 {[%clk 00:14:46]} {[%emt 00:00:33]}
37. Rxd1 {[%clk 00:03:28]} {[%emt 00:00:49]} Qxd1+ {[%clk 00:15:10]} {[%emt
00:00:06]} 38. Re1 {[%clk 00:03:15]} {[%emt 00:00:43]} Qd4 {[%clk 00:15:31]}
{[%emt 00:00:10]} 39. Qxd4 {[%clk 00:03:08]} {[%emt 00:00:37]} cxd4 {[%clk
00:15:55]} {[%emt 00:00:05]} 40. Kg1 {[%clk 00:02:46]} {[%emt 00:00:52]} e4
{[%clk 00:15:57]} {[%emt 00:00:29]} 41. Kf2 {[%clk 00:02:44]} {[%emt 00:00:31]}
e3+ {[%clk 00:16:05]} {[%emt 00:00:23]} 42. Ke2 {[%clk 00:02:59]} {[%emt
00:00:14]} Kf6 {[%clk 00:16:07]} {[%emt 00:00:27]} 43. Kd3 {[%clk 00:02:33]}
{[%emt 00:00:56]} Ke5 {[%clk 00:16:29]} {[%emt 00:00:09]} 44. Rf1 {[%clk
00:00:45]} {[%emt 00:02:18]} 1/2-1/2

[Event "DEM U12 2023"]
[Site "Willingen GER"]
[Date "2023.05.31"]
[Round "6"]
[White "Rau, Eduard"]
[Black "Rodriguez Klasen, Ennio"]
[Result "1-0"]
[Termination "normal"]
[Board "14"]
[WhiteElo "1393"]
[BlackElo "1526"]
[WhiteClock "00:49:58"]
[BlackClock "00:10:06"]
[PlyCount "73"]
[WhiteFideId "16287231"]
[BlackFideId "16277414"]
[EventCountry "GER"]
[EventRounds "9"]
[EventType "swiss"]
[EventDate "2023.05.27"]

1. e4 {[%emt 00:00:07]} c5 {[%clk 01:30:51]} {[%emt 00:00:05]} 2. Nf3 {[%clk
01:31:22]} {[%emt 00:00:05]} e6 {[%clk 01:31:11]} {[%emt 00:00:11]} 3. d4
{[%clk 01:31:48]} {[%emt 00:00:04]} cxd4 {[%clk 01:31:38]} {[%emt 00:00:03]} 4.
Nxd4 {[%clk 01:32:16]} {[%emt 00:00:02]} Nf6 {[%clk 01:31:58]} {[%emt
00:00:10]} 5. Nc3 {[%clk 01:32:43]} {[%emt 00:00:04]} Nc6 {[%clk 01:32:24]}
{[%emt 00:00:04]} 6. Bg5 {[%clk 01:32:31]} {[%emt 00:00:41]} Qb6 {[%clk
01:28:31]} {[%emt 00:04:22]} 7. Nb3 {[%clk 01:31:24]} {[%emt 00:01:37]} Be7
{[%clk 01:26:51]} {[%emt 00:02:11]} 8. Be3 {[%clk 01:31:34]} {[%emt 00:00:20]}
Qc7 {[%clk 01:26:31]} {[%emt 00:00:50]} 9. Be2 {[%clk 01:31:33]} {[%emt
00:00:30]} Bb4 {[%clk 01:26:40]} {[%emt 00:00:22]} 10. O-O {[%clk 01:21:48]}
{[%emt 00:10:15]} Bxc3 {[%clk 01:25:18]} {[%emt 00:01:51]} 11. bxc3 {[%clk
01:22:11]} {[%emt 00:00:07]} Nxe4 {[%clk 01:19:19]} {[%emt 00:06:30]} 12. Qd3
{[%clk 01:20:35]} {[%emt 00:02:05]} f5 {[%clk 01:12:07]} {[%emt 00:07:42]} 13.
Nd4 {[%clk 01:12:19]} {[%emt 00:08:47]} Ne5 {[%clk 01:05:48]} {[%emt 00:06:48]}
14. Nb5 {[%clk 01:12:18]} {[%emt 00:00:32]} Qc6 {[%clk 01:05:08]} {[%emt
00:01:09]} 15. Qd4 {[%clk 01:12:14]} {[%emt 00:00:34]} Ng6 {[%clk 00:56:04]}
{[%emt 00:09:34]} 16. f3 {[%clk 01:09:34]} {[%emt 00:03:11]} Nf6 {[%clk
00:52:23]} {[%emt 00:04:10]} 17. Nd6+ {[%clk 01:06:57]} {[%emt 00:03:08]} Ke7
{[%clk 00:50:16]} {[%emt 00:02:37]} 18. Rfd1 {[%clk 01:07:09]} {[%emt
00:00:18]} Qb6 {[%clk 00:35:34]} {[%emt 00:15:13]} 19. Qc5 {[%clk 01:03:35]}
{[%emt 00:04:00]} Qxc5 {[%clk 00:35:21]} {[%emt 00:00:46]} 20. Bxc5 {[%clk
01:04:02]} {[%emt 00:00:03]} Kd8 {[%clk 00:33:27]} {[%emt 00:02:24]} 21. Nf7+
{[%clk 01:04:18]} {[%emt 00:00:14]} Ke8 {[%clk 00:33:32]} {[%emt 00:00:25]} 22.
Nxh8 {[%clk 01:04:34]} {[%emt 00:00:14]} Nxh8 {[%clk 00:34:00]} {[%emt
00:00:02]} 23. Bb5 {[%clk 01:00:32]} {[%emt 00:04:32]} b6 {[%clk 00:32:19]}
{[%emt 00:02:12]} 24. Bd4 {[%clk 01:00:50]} {[%emt 00:00:12]} Ng6 {[%clk
00:31:54]} {[%emt 00:00:54]} 25. Re1 {[%clk 01:00:24]} {[%emt 00:00:56]} Ke7
{[%clk 00:32:05]} {[%emt 00:00:20]} 26. c4 {[%clk 01:00:21]} {[%emt 00:00:33]}
Bb7 {[%clk 00:31:01]} {[%emt 00:01:34]} 27. Rad1 {[%clk 01:00:27]} {[%emt
00:00:24]} Bc6 {[%clk 00:30:22]} {[%emt 00:01:09]} 28. Ba6 {[%clk 00:59:13]}
{[%emt 00:01:44]} Ba4 {[%clk 00:28:24]} {[%emt 00:02:28]} 29. Rd2 {[%clk
00:57:25]} {[%emt 00:02:17]} Rd8 {[%clk 00:27:44]} {[%emt 00:01:11]} 30. Bb2
{[%clk 00:56:57]} {[%emt 00:00:51]} Nh8 {[%clk 00:24:49]} {[%emt 00:03:31]} 31.
Ba3+ {[%clk 00:56:54]} {[%emt 00:00:34]} Ke8 {[%clk 00:24:24]} {[%emt
00:00:55]} 32. c5 {[%clk 00:55:44]} {[%emt 00:01:41]} Nf7 {[%clk 00:18:56]}
{[%emt 00:05:57]} 33. Bd3 {[%clk 00:50:12]} {[%emt 00:06:02]} g6 {[%clk
00:15:55]} {[%emt 00:03:31]} 34. Bc4 {[%clk 00:49:56]} {[%emt 00:00:45]} Ng8
{[%clk 00:13:36]} {[%emt 00:02:49]} 35. cxb6 {[%clk 00:50:07]} {[%emt
00:00:20]} e5 {[%clk 00:10:13]} {[%emt 00:03:53]} 36. bxa7 {[%clk 00:50:03]}
{[%emt 00:00:34]} Ra8 {[%clk 00:10:06]} {[%emt 00:00:36]} 37. Rb1 {[%clk
00:49:58]} {[%emt 00:00:36]} 1-0

[Event "DEM U12 2023"]
[Site "Willingen GER"]
[Date "2023.05.31"]
[Round "6"]
[White "Deiringer, Julius"]
[Black "Prashanthakumar, Arju"]
[Result "1/2-1/2"]
[Termination "normal"]
[Board "15"]
[WhiteElo "1742"]
[BlackElo "1291"]
[WhiteClock "00:16:26"]
[BlackClock "00:20:40"]
[PlyCount "71"]
[WhiteFideId "16267010"]
[BlackFideId "34604065"]
[EventCountry "GER"]
[EventRounds "9"]
[EventType "swiss"]
[EventDate "2023.05.27"]

1. e4 {[%clk 01:30:58]} e6 {[%clk 01:30:56]} {[%emt 00:00:06]} 2. d4 {[%clk
01:31:25]} {[%emt 00:00:03]} d5 {[%clk 01:31:22]} {[%emt 00:00:04]} 3. Nc3
{[%clk 01:31:49]} {[%emt 00:00:05]} Nf6 {[%clk 01:31:46]} {[%emt 00:00:06]} 4.
Bg5 {[%clk 01:32:14]} {[%emt 00:00:05]} Be7 {[%clk 01:30:19]} {[%emt 00:01:56]}
5. e5 {[%clk 01:30:42]} {[%emt 00:02:03]} Nfd7 {[%clk 01:29:58]} {[%emt
00:00:50]} 6. Bxe7 {[%clk 01:31:06]} {[%emt 00:00:06]} Qxe7 {[%clk 01:30:24]}
{[%emt 00:00:05]} 7. f4 {[%clk 01:31:29]} {[%emt 00:00:06]} a6 {[%clk
01:28:31]} {[%emt 00:02:24]} 8. Nf3 {[%clk 01:25:00]} {[%emt 00:06:59]} c5
{[%clk 01:27:53]} {[%emt 00:01:08]} 9. Bd3 {[%clk 01:18:27]} {[%emt 00:07:02]}
Nc6 {[%clk 01:27:11]} {[%emt 00:01:12]} 10. Ne2 {[%clk 01:17:26]} {[%emt
00:01:31]} c4 {[%clk 01:26:30]} {[%emt 00:01:12]} 11. Bxh7 {[%clk 01:13:05]}
{[%emt 00:04:51]} Rxh7 {[%clk 01:26:45]} {[%emt 00:00:15]} 12. Ng5 {[%clk
01:10:46]} {[%emt 00:02:49]} Rh8 {[%clk 01:24:58]} {[%emt 00:02:16]} 13. O-O
{[%clk 01:09:03]} {[%emt 00:02:13]} b5 {[%clk 01:20:26]} {[%emt 00:05:03]} 14.
Qd2 {[%clk 01:07:34]} {[%emt 00:01:58]} Nb6 {[%clk 01:13:39]} {[%emt 00:07:17]}
15. b3 {[%clk 01:04:17]} {[%emt 00:03:48]} g6 {[%clk 01:03:40]} {[%emt
00:10:30]} 16. a4 {[%clk 01:02:02]} {[%emt 00:02:45]} Bb7 {[%clk 00:55:31]}
{[%emt 00:08:37]} 17. Nc3 {[%clk 00:55:44]} {[%emt 00:06:49]} b4 {[%clk
00:51:47]} {[%emt 00:04:14]} 18. Ne2 {[%clk 00:54:27]} {[%emt 00:01:47]} a5
{[%clk 00:47:09]} {[%emt 00:05:09]} 19. Ng3 {[%clk 00:50:54]} {[%emt 00:04:02]}
c3 {[%clk 00:39:34]} {[%emt 00:08:05]} 20. Qe3 {[%clk 00:50:29]} {[%emt
00:00:54]} Ba6 {[%clk 00:38:48]} {[%emt 00:01:17]} 21. Rfe1 {[%clk 00:48:51]}
{[%emt 00:02:08]} O-O-O {[%clk 00:35:30]} {[%emt 00:03:48]} 22. Rad1 {[%clk
00:44:50]} {[%emt 00:04:30]} Kb8 {[%clk 00:34:29]} {[%emt 00:01:32]} 23. Qf2
{[%clk 00:42:28]} {[%emt 00:02:52]} Qa7 {[%clk 00:31:41]} {[%emt 00:03:17]} 24.
Kh1 {[%clk 00:39:44]} {[%emt 00:03:15]} Rdf8 {[%clk 00:31:28]} {[%emt
00:00:40]} 25. Kg1 {[%clk 00:37:17]} {[%emt 00:03:00]} Nc8 {[%clk 00:31:47]}
{[%emt 00:00:11]} 26. Kh1 {[%clk 00:36:13]} {[%emt 00:01:33]} N8e7 {[%clk
00:32:08]} {[%emt 00:00:09]} 27. Ne2 {[%clk 00:34:26]} {[%emt 00:02:18]} Nf5
{[%clk 00:32:13]} {[%emt 00:00:24]} 28. Nf3 {[%clk 00:34:41]} {[%emt 00:00:15]}
Rh6 {[%clk 00:27:29]} {[%emt 00:05:13]} 29. g4 {[%clk 00:32:51]} {[%emt
00:02:23]} Nfe7 {[%clk 00:25:58]} {[%emt 00:02:01]} 30. Ng3 {[%clk 00:31:31]}
{[%emt 00:01:50]} Rfh8 {[%clk 00:24:38]} {[%emt 00:01:49]} 31. g5 {[%clk
00:27:51]} {[%emt 00:04:10]} R6h7 {[%clk 00:23:58]} {[%emt 00:01:09]} 32. Rg1
{[%clk 00:27:08]} {[%emt 00:01:13]} Rh3 {[%clk 00:23:22]} {[%emt 00:01:07]} 33.
Rg2 {[%clk 00:25:42]} {[%emt 00:01:56]} Nf5 {[%clk 00:21:32]} {[%emt 00:02:20]}
34. Nxf5 {[%clk 00:17:51]} {[%emt 00:08:20]} gxf5 {[%clk 00:21:31]} {[%emt
00:00:32]} 35. g6 {[%clk 00:16:57]} {[%emt 00:01:24]} fxg6 {[%clk 00:20:40]}
{[%emt 00:01:21]} 36. Ng5 {[%clk 00:16:26]} {[%emt 00:01:00]} 1/2-1/2

[Event "DEM U12 2023"]
[Site "Willingen GER"]
[Date "2023.05.31"]
[Round "6"]
[White "Krüger, Moritz"]
[Black "Gavrylyuk, Oleksandr"]
[Result "1-0"]
[Termination "normal"]
[Board "17"]
[WhiteElo "1582"]
[BlackElo "1226"]
[WhiteClock "01:19:31"]
[BlackClock "01:11:39"]
[PlyCount "51"]
[WhiteFideId "34608923"]
[BlackFideId "34609083"]
[EventCountry "GER"]
[EventRounds "9"]
[EventType "swiss"]
[EventDate "2023.05.27"]

1. d4 {[%clk 01:30:56]} {[%emt 00:00:04]} d5 {[%clk 01:30:56]} {[%emt
00:00:05]} 2. c4 {[%clk 01:31:20]} {[%emt 00:00:06]} e6 {[%clk 01:31:24]}
{[%emt 00:00:02]} 3. Nc3 {[%clk 01:31:42]} {[%emt 00:00:07]} Nf6 {[%clk
01:31:49]} {[%emt 00:00:05]} 4. cxd5 {[%clk 01:32:06]} {[%emt 00:00:06]} exd5
{[%clk 01:32:13]} {[%emt 00:00:06]} 5. Bg5 {[%clk 01:32:31]} {[%emt 00:00:05]}
Be7 {[%clk 01:32:35]} {[%emt 00:00:08]} 6. e3 {[%clk 01:32:55]} {[%emt
00:00:06]} c6 {[%clk 01:32:58]} {[%emt 00:00:07]} 7. Bd3 {[%clk 01:32:42]}
{[%emt 00:00:43]} Nbd7 {[%clk 01:33:08]} {[%emt 00:00:20]} 8. Nf3 {[%clk
01:32:30]} {[%emt 00:00:40]} O-O {[%clk 01:33:11]} {[%emt 00:00:28]} 9. Qc2
{[%clk 01:32:01]} {[%emt 00:00:59]} Re8 {[%clk 01:32:55]} {[%emt 00:00:46]} 10.
a3 {[%clk 01:29:50]} {[%emt 00:02:42]} Nf8 {[%clk 01:30:31]} {[%emt 00:02:53]}
11. b4 {[%clk 01:30:00]} {[%emt 00:00:20]} a5 {[%clk 01:29:45]} {[%emt
00:01:17]} 12. b5 {[%clk 01:30:09]} {[%emt 00:00:22]} Ne6 {[%clk 01:29:33]}
{[%emt 00:00:42]} 13. Bxf6 {[%clk 01:29:19]} {[%emt 00:01:20]} Bxf6 {[%clk
01:29:08]} {[%emt 00:00:55]} 14. O-O {[%clk 01:29:02]} {[%emt 00:00:46]} g6
{[%clk 01:28:54]} {[%emt 00:00:45]} 15. bxc6 {[%clk 01:28:27]} {[%emt
00:01:05]} bxc6 {[%clk 01:27:53]} {[%emt 00:01:31]} 16. Na4 {[%clk 01:28:04]}
{[%emt 00:00:53]} Qc7 {[%clk 01:25:59]} {[%emt 00:02:18]} 17. Rfc1 {[%clk
01:28:11]} {[%emt 00:00:29]} Bd7 {[%clk 01:25:50]} {[%emt 00:00:39]} 18. Rab1
{[%clk 01:27:43]} {[%emt 00:00:57]} Reb8 {[%clk 01:23:38]} {[%emt 00:02:43]}
19. Nc5 {[%clk 01:26:24]} {[%emt 00:01:48]} Nxc5 {[%clk 01:23:37]} {[%emt
00:00:31]} 20. Qxc5 {[%clk 01:26:42]} {[%emt 00:00:11]} Bd8 {[%clk 01:22:23]}
{[%emt 00:01:44]} 21. Ne5 {[%clk 01:25:55]} {[%emt 00:01:16]} Rxb1 {[%clk
01:22:05]} {[%emt 00:00:51]} 22. Bxb1 {[%clk 01:25:39]} {[%emt 00:00:46]} Rc8
{[%clk 01:18:08]} {[%emt 00:04:21]} 23. Ba2 {[%clk 01:25:14]} {[%emt 00:01:01]}
Be8 {[%clk 01:17:48]} {[%emt 00:00:50]} 24. h3 {[%clk 01:24:48]} {[%emt
00:00:55]} f6 {[%clk 01:14:26]} {[%emt 00:03:53]} 25. Nxc6 {[%clk 01:20:08]}
{[%emt 00:05:10]} Qxc6 {[%clk 01:11:39]} {[%emt 00:03:16]} 26. Bxd5+ {[%clk
01:19:31]} {[%emt 00:01:07]} 1-0